| 000 | 00708nam a22002297a 4500 | ||
|---|---|---|---|
| 005 | 20170124105918.0 | ||
| 010 | _aB-167048 | ||
| 020 |
_c650.00 _a0761933514 |
||
| 035 | _aB-167048 | ||
| 037 | _bCen Lib/Ret | ||
| 040 |
_aDPL _bHN |
||
| 082 |
_a306.76620954 _bJOS |
||
| 100 |
_aJoseph,Sherry _93492 |
||
| 245 |
_aSocial work practice and men who have sex with men / _cby Sherry Joseph |
||
| 260 |
_aNew Delhi _bSage publication _c2005 |
||
| 270 |
_aB-42,Panchsheel Enclave _bNew Delhi _e110017 |
||
| 300 |
_a312p. _c21cm (Hb) |
||
| 500 | _aIncludes appendix and index | ||
| 650 |
_aGay men-India _93493 |
||
| 650 |
_aHomosexuality-India _93494 |
||
| 942 |
_2ddc _cEN _h306.76620954 _mJOS |
||
| 999 |
_c122983 _d122983 |
||